000 00459nam a2200181Ia 4500
005 20240823054919.0
008 240823s9999||||xx |||||||||||||| ||und||
041 _aENGLISH
082 _A297.03 Q1
100 _asalahuddin Ahmed
245 0 _aEncyclopaedia of Islam : Volume II (Islam Fundamental Beliefs)
250 _a1st
260 _c2011
_bA.P.H Publishing Corpor
500 _aYES
650 _aGeneral
_bGeneral
942 _cBK
999 _c227576
_d227576